000 00375cam a2200157ua 4500
041 _aeng
_h
082 _a828.09
_bMUL/SH
100 _aMallik , B R .
245 _aShakespeare`s Hamlet /
_cB R Mallik.
_hTextual Documents
250 _a1 /
_b.
260 _aNew Delhi :
_bS.Chand & Sons ,
_c1964.
300 _a104 ; .
504 _a
942 _cBK
999 _c2362
_d2362